Fun Spongebob Squarepants Trivia - Statistics

General Stats
  • This quiz has been taken 383 times
  • The average score is 4 of 5
Answer Stats
Hint Answer % Correct
What type of house does Patrick live in? Rock
95%
What is the name of the restaurant Spongebob works at? Krusty Krab
93%
What type of animal is Sandy Cheeks? Squirrel
93%
What type of animal is Squidward tentacles? Squid
92%
Who is Mr. Krabs best friend? Money
71%
No matching quizzes found
Score Distribution
Percent of People with Each Score
Percentile by Number Answered
Your Score History
You have not taken this quiz